| 000 | 00464nam a2200169Ia 4500 | ||
|---|---|---|---|
| 008 | 131103s9999 xx 000 0 und d | ||
| 040 | _aLoreto College | ||
| 041 | _aEnglish | ||
| 082 |
_a823.91/HOL _bLCLIB/ |
||
| 100 | _aHolme, Constance | ||
| 245 | 4 |
_aThe lonely plough _cConstance Holme |
|
| 260 |
_aLondon _bOxford University Press _c1947 |
||
| 300 |
_a349p. _c 18cm. |
||
| 650 | _aEnglish fiction - ciriticism | ||
| 850 | _aLCLIB/823.91/HOL | ||
| 942 | _cBK | ||
| 999 |
_c24961 _d75440 |
||